00685nam a22001937a 450000500170000001000150001702000250003203500130005703700130007008200120008310000200009524500470011526000440016227000900020630000290029694200260032599900170035195201230036820140210110241.0 aENG-109146 a9789383051021c70.00 aEN-92679 bDBAD/PUB a338.954 aKumarappa, J.C. aSwaraj for the masses /cby J.C. Kumarappa aChennaibUnique Media Integratorsc2013 aNo.8, 6th Cross, 8th Main Road, Vaishanavi Nagar, Thirumullaivoyal bChennaie600109 a72p.c21cm (pbk)  2ddccENmKUMh338.954 c82054d82054 001040718NFICaDBADbDBADd2014-01-21eDBAD/PUBg70.00l0o338.954 KUMpEN-92679r2014-01-21 00:00:00t1v70.00yEN